| 000 | 00529nam a2200193Ia 4500 | ||
|---|---|---|---|
| 005 | 20250523145113.0 | ||
| 008 | 240821s9999 xx 000 0 und d | ||
| 020 |
_a9781108706407 _qpbk |
||
| 041 | _aeng | ||
| 082 |
_a158.1 _bHEA |
||
| 100 | _aHeathwood, Chris | ||
| 245 | 0 |
_aHappiness and Well-Being _c/ Chris Heathwood |
|
| 250 | _a1st edition | ||
| 260 |
_bCambrdige _c2021 _aSingapore |
||
| 300 |
_a77p. _c22cm. |
||
| 504 | _aindex | ||
| 650 | _a Bien-ĂȘtre Bonheur ,Ethics Happiness, Morale Well-being, | ||
| 942 | _cREF | ||
| 999 |
_c524449 _d524449 |
||